<?xml version="1.0" encoding="UTF-8"?>
<record
    xmlns:xsi="http://www.w3.org/2001/XMLSchema-instance"
    xsi:schemaLocation="http://www.loc.gov/MARC21/slim http://www.loc.gov/standards/marcxml/schema/MARC21slim.xsd"
    xmlns="http://www.loc.gov/MARC21/slim">

  <leader>02956njm a2200505Ia 4500</leader>
  <controlfield tag="001">20768</controlfield>
  <controlfield tag="003">IT-RoPAU</controlfield>
  <controlfield tag="005">20220918181125.0</controlfield>
  <controlfield tag="008">131025s9999    xx            000 0 und d</controlfield>
  <datafield tag="040" ind1=" " ind2=" ">
    <subfield code="a">IT-RoPAU</subfield>
  </datafield>
  <datafield tag="040" ind1=" " ind2=" ">
    <subfield code="c">IT-RoPAU</subfield>
  </datafield>
  <datafield tag="041" ind1=" " ind2=" ">
    <subfield code="a">ITALIANO</subfield>
  </datafield>
  <datafield tag="999" ind1=" " ind2=" ">
    <subfield code="c">100068</subfield>
    <subfield code="d">100068</subfield>
  </datafield>
  <datafield tag="999" ind1=" " ind2=" ">
    <subfield code="b">n.d.</subfield>
  </datafield>
  <datafield tag="100" ind1=" " ind2=" ">
    <subfield code="a">AA.VV.</subfield>
    <subfield code="9">794</subfield>
  </datafield>
  <datafield tag="100" ind1=" " ind2=" ">
    <subfield code="e">Autore musica</subfield>
    <subfield code="9">3135</subfield>
  </datafield>
  <datafield tag="100" ind1=" " ind2=" ">
    <subfield code="g">Codice autore musica SPICS: 12000</subfield>
    <subfield code="9">796</subfield>
  </datafield>
  <datafield tag="245" ind1=" " ind2=" ">
    <subfield code="a">Regine di cuori del cinema (Le)</subfield>
  </datafield>
  <datafield tag="250" ind1=" " ind2=" ">
    <subfield code="a">2a ed.</subfield>
  </datafield>
  <datafield tag="260" ind1=" " ind2=" ">
    <subfield code="a">MILANO</subfield>
  </datafield>
  <datafield tag="260" ind1=" " ind2=" ">
    <subfield code="b">FRATELLI FABBRI EDITORI</subfield>
    <subfield code="c">1982 [1a Ed.:1970]</subfield>
  </datafield>
  <datafield tag="300" ind1=" " ind2=" ">
    <subfield code="a">DISCO</subfield>
  </datafield>
  <datafield tag="300" ind1=" " ind2=" ">
    <subfield code="c">24 minuti (Testo:  pag.)</subfield>
  </datafield>
  <datafield tag="500" ind1=" " ind2=" ">
    <subfield code="a">La canzone italiana. La canzone e la cronaca. sogno, destino, amore, matrimonio, primavera, signorine sorridenti.</subfield>
  </datafield>
  <datafield tag="505" ind1=" " ind2=" ">
    <subfield code="a">Tu musica divina [(Bracchi/D'Anzi-Rabagliati) (4:00)] - Dammi un bacio e ti dico di si [(Cherubini/Bixio-De Sica/E.M.) (3:00)] - Una romantica avventura [(Cini/Bistolfi-L.Termini) (3:00)] - Ma l'amore no [(Galdieri/D'Anzi-Vallarino) (3:00)] - Bisbetica domata (La) [(Bixio/Nisa-Lilia Silvi) (3:00)] - Tu, solamente tu [(Frustaci/Galdieri-Silenzi) (3:00)] - La canzone dell'usignolo [(Di Lazzaro/Bruno-Silvi)  (4:00)] - Grandi magazzini [(D'Anzi-Gilberto Mazzi) (3:00)]</subfield>
  </datafield>
  <datafield tag="511" ind1=" " ind2=" ">
    <subfield code="a">Rabagliati Alberto</subfield>
  </datafield>
  <datafield tag="511" ind1=" " ind2=" ">
    <subfield code="a">De Sica Vittorio e Merlini Elsa</subfield>
  </datafield>
  <datafield tag="511" ind1=" " ind2=" ">
    <subfield code="a">Termini Lina</subfield>
  </datafield>
  <datafield tag="511" ind1=" " ind2=" ">
    <subfield code="a">Vallarino Giovanni</subfield>
  </datafield>
  <datafield tag="511" ind1=" " ind2=" ">
    <subfield code="a">Silvi (Musitelli) Lilia (Silvana)</subfield>
  </datafield>
  <datafield tag="511" ind1=" " ind2=" ">
    <subfield code="a">Silenzi Tiola</subfield>
  </datafield>
  <datafield tag="511" ind1=" " ind2=" ">
    <subfield code="a">Mazzi Gilberto</subfield>
  </datafield>
  <datafield tag="650" ind1=" " ind2=" ">
    <subfield code="a">CANZONE ITALIAN [DISCHI]</subfield>
    <subfield code="e">Codice MATERIA SPICS: 9950</subfield>
    <subfield code="9">3137</subfield>
  </datafield>
  <datafield tag="700" ind1=" " ind2=" ">
    <subfield code="a">D'Anzi Giovanni</subfield>
    <subfield code="d">Codice autore musica SPICS: 13458</subfield>
    <subfield code="e">Autore musica</subfield>
    <subfield code="p">Tu musica divina - Ma l'amore no - Grandi magazzini</subfield>
    <subfield code="9">3139</subfield>
  </datafield>
  <datafield tag="700" ind1=" " ind2=" ">
    <subfield code="a">Bracchi Alfredo</subfield>
    <subfield code="d">Codice autore testo/musica SPICS: 13448</subfield>
    <subfield code="e">Autore testo/musica</subfield>
    <subfield code="9">3141</subfield>
  </datafield>
  <datafield tag="700" ind1=" " ind2=" ">
    <subfield code="a">Bixio Cesare Andrea</subfield>
    <subfield code="d">Codice autore musica SPICS: 13441</subfield>
    <subfield code="e">Autore musica</subfield>
    <subfield code="p">Dammi un bacio e ti dico di si - Bisbetica domata</subfield>
    <subfield code="9">3143</subfield>
  </datafield>
  <datafield tag="700" ind1=" " ind2=" ">
    <subfield code="a">Cherubini Bixio</subfield>
    <subfield code="d">Codice autore testo/musica SPICS: 13442</subfield>
    <subfield code="e">Autore testo/musica</subfield>
    <subfield code="p">Dammi un bacio e ti dico di si</subfield>
    <subfield code="9">3145</subfield>
  </datafield>
  <datafield tag="700" ind1=" " ind2=" ">
    <subfield code="a">Bistolfi Gian</subfield>
    <subfield code="d">Codice autore musica SPICS: 13533</subfield>
    <subfield code="e">Autore musica</subfield>
    <subfield code="p">Una romantica avventura</subfield>
    <subfield code="9">3147</subfield>
  </datafield>
  <datafield tag="700" ind1=" " ind2=" ">
    <subfield code="a">Cini Alessandro (= Cicognini A. 8029)</subfield>
    <subfield code="d">Codice autore testo/musica SPICS: 13532</subfield>
    <subfield code="e">Autore testo/musica</subfield>
    <subfield code="p">Una romantica avventura</subfield>
    <subfield code="9">3149</subfield>
  </datafield>
  <datafield tag="700" ind1=" " ind2=" ">
    <subfield code="a">Galdieri Michele</subfield>
    <subfield code="d">Codice autore testo/musica SPICS: 13370</subfield>
    <subfield code="e">Autore testo/musica</subfield>
    <subfield code="p">Ma l'amore no - Tu, solamente tu</subfield>
    <subfield code="9">3151</subfield>
  </datafield>
  <datafield tag="700" ind1=" " ind2=" ">
    <subfield code="a">Nisa (Salerno Nicola)</subfield>
    <subfield code="d">Codice autore musica SPICS: 13452</subfield>
    <subfield code="e">Autore musica</subfield>
    <subfield code="p">Bisbetica domata</subfield>
    <subfield code="9">3153</subfield>
  </datafield>
  <datafield tag="700" ind1=" " ind2=" ">
    <subfield code="a">Frustaci Pasquale</subfield>
    <subfield code="d">Codice autore testo/musica SPICS: 13530</subfield>
    <subfield code="e">Autore testo/musica</subfield>
    <subfield code="p">Tu, solamente tu</subfield>
    <subfield code="9">3154</subfield>
  </datafield>
  <datafield tag="700" ind1=" " ind2=" ">
    <subfield code="a">Bruno C.</subfield>
    <subfield code="d">Codice autore musica SPICS: 13502</subfield>
    <subfield code="e">Autore musica</subfield>
    <subfield code="p">La canzone dell'usignolo</subfield>
    <subfield code="9">3155</subfield>
  </datafield>
  <datafield tag="700" ind1=" " ind2=" ">
    <subfield code="a">Di Lazzaro Eldo</subfield>
    <subfield code="d">Codice autore testo/musica SPICS: 13500</subfield>
    <subfield code="e">Autore testo/musica</subfield>
    <subfield code="p">La canzone dell'usignolo</subfield>
    <subfield code="9">3156</subfield>
  </datafield>
  <datafield tag="942" ind1=" " ind2=" ">
    <subfield code="c">MD</subfield>
    <subfield code="2">ddc</subfield>
  </datafield>
  <datafield tag="952" ind1=" " ind2=" ">
    <subfield code="0">0</subfield>
    <subfield code="1">0</subfield>
    <subfield code="4">0</subfield>
    <subfield code="6">20768_000000000000000</subfield>
    <subfield code="7">1</subfield>
    <subfield code="a">SPICS</subfield>
    <subfield code="b">SPICS</subfield>
    <subfield code="d">2013-10-25</subfield>
    <subfield code="l">0</subfield>
    <subfield code="o">20768</subfield>
    <subfield code="r">2013-10-25 00:00:00</subfield>
    <subfield code="w">2013-10-25</subfield>
    <subfield code="y">MD</subfield>
    <subfield code="z">Progr. Ins.: 4071 / N.Vol.: 1 / Copie: 1 - Copia rara: n.d. / date import: 01.01.2014 - By Epidotti, Trombetti, Vaglietti</subfield>
  </datafield>
</record>
